000 00305nam a22001337a 4500
008 170628b xxu||||| |||| 00| 0 eng d
020 _a0205653014
041 _aeng
080 _a82
100 _a21
101 _aGJL
245 _aTHE LONGMAN ANTHOLOGY WORLD LITERATURE
_cDAMSROCH, D
942 _2udc
_cBK
999 _c19320
_d19320